Statistics for Scott Adkins Movie

Click here to take the quiz!

General Stats

  • This quiz has been taken 3 times
  • The average score is 7 of 15

Answer Stats

Release YearCostarsMovie% Correct
2012Sylvester Stallone, Chuck NorrisThe Expendables 2
100%
2009Hugh Jackman, Ryan ReynoldsX-Men Origins: Wolverine
100%
2016Kevin Costner, Tommy Lee JonesCriminal
67%
2016Benedict Cumberbatch, Rachel McAdamsDoctor Strange
67%
2023Keanu Reeves, Laurence FishburneJohn Wick: Chapter 4
67%
2019Tony Jaa, Iko UwaisTriple Threat
67%
2018Ray Stevenson, Michael Jai WhiteAccident Man
33%
2011Jean-Claude Van Damme, Ivan KayeAssassination Games
33%
2022Jamie Foxx, Dave FrancoDay Shift
33%
2012Christian Slater, Zachary BaharovEl Gringo
33%
2016Robert Knepper, Temuera MorrisonHard Target 2
33%
2014Kellan Lutz, Gaia WeissThe Legend of Hercules
33%
2019Donnie Yen, Kent ChangIp Man 4: The Finale
0%
2016Charlie Weber, Romeo MillerJarhead 3: The Siege
0%
2012Jean-Claude Van Damme, Dolph LundgrenUniversal Soldier: Day of Reckoning
0%

Score Distribution

Percentile by Number Answered

Percent of People with Each Score

Your Score History

You have not taken this quiz